• 首页
  • 本馆介绍
  • 公告通知
  • 最新文献
  • 馆藏检索
  • 电子资源
  • 读者导购
  • 参考咨询
  • 我的图书馆
  • 登录
  • 详细信息显示
  • 放入我的书架
  • 预约/预借图书
  • 作者相关作品
  • 分类相关作品
  • 丛书相关作品
  • 出版社相关作品

书目信息

  • 表格格式
  • 工作单格式
  • 卡片格式
题名:
对外传播·翻译研究文集
    
 
作者: 沈苏儒 著
分册:  
出版信息: 北京   外文出版社  2009.06
页数: 424页
开本: 24cm
丛书名: “对外传播理论与实践研究”丛书
单 册:
中图分类: G219.26-53 , H059-53
科图分类:
主题词: 中外关系--宣传工作--文集 , 宣传工作--翻译--文集 , 中外关系 , 宣传工作 , 翻译
电子资源:
ISBN: 978-7-119-05761-3
000 01032oam2 2200313 450
001 012004365178
005 20120619095416.54
010    @a978-7-119-05761-3@dCNY39.00
100    @a20090806d2009 em y0chiy0110 ea
101 0  @achi
102    @aCN@b110000
105    @af z 000yy
106    @ar
200 1  @a对外传播·翻译研究文集@9dui wai chuan bo· fan yi yan jiu wen ji@f沈苏儒著
210    @a北京@c外文出版社@d2009.06
215    @a424页@c照片@d24cm
225 2  @a“对外传播理论与实践研究”丛书
330    @a本书辑录了沈苏儒先生从1982年到2009年发表的外宣业务论文52篇,包括:《对外报道授课提纲》、《正确、有效地使用数字》、《论“信、达、雅”》等。
461  0 @12001 @a“对外传播理论与实践研究”丛书
606 0  @a中外关系@x宣传工作@j文集
606 0  @a宣传工作@x翻译@j文集
606 0  @a中外关系
606 0  @a宣传工作
606 0  @a翻译
690    @aG219.26-53@v4
690    @aH059-53@v4
701  0 @a沈苏儒@9shen su ru@f(1919~ )@4著
801  0 @aCN@bNLC@c20090806
905    @b540355-59@dG219.26-53@e455@f5
    
    对外传播·翻译研究文集/沈苏儒著.-北京:外文出版社,2009.06
    424页:照片;24cm.-(“对外传播理论与实践研究”丛书)
    
    
    ISBN 978-7-119-05761-3:CNY39.00
    本书辑录了沈苏儒先生从1982年到2009年发表的外宣业务论文52篇,包括:《对外报道授课提纲》、《正确、有效地使用数字》、《论“信、达、雅”》等。
●
相关链接 在E读中查询图书 在五车中查询图书 在当当中查询图书 在豆瓣中查询图书


正题名:对外传播·翻译研究文集     索取号:G219.26-53/455         预约/预借

序号 登录号 条形码 馆藏地/架位号 状态 备注
1 540355   205403552   第一样本阅览室/ [索取号:G219.26-53/455] 在馆    
2 540356   205403561   第四借阅区/ [索取号:G219.26-53/455] 在馆    
3 540357   205403570   第四借阅区/ [索取号:G219.26-53/455] 在馆    
4 540358   205403589   第四借阅区/ [索取号:G219.26-53/455] 在馆    
5 540359   205403598   第四借阅区/ [索取号:G219.26-53/455] 在馆    
唐山师范学院图书馆 欢迎您!
大连网信软件有限公司© 版权所有